Les nombres premiers
Αποθηκεύτηκε σε:
| Κύριος συγγραφέας: | |
|---|---|
| Μορφή: | Βιβλίο |
| Γλώσσα: | French |
| Δημοσίευση: |
Paris :
Vuibert,
1947
|
| Θέματα: | |
| Ετικέτες: |
Προσθήκη ετικέτας
Δεν υπάρχουν, Καταχωρήστε ετικέτα πρώτοι!
|
MARC
| LEADER | 00000nam a2200000 i 4500 | ||
|---|---|---|---|
| 001 | 1/7192 | ||
| 008 | 100416s1947 fre d | ||
| 035 | |l 10107775 | ||
| 040 | |a GR-MY-UA |b gre |e aacr | ||
| 041 | 0 | |a fre | |
| 082 | 0 | |a 512.723 |2 (22) | |
| 100 | 1 | |a Ferrier, A. | |
| 245 | 1 | 4 | |a Les nombres premiers / |c A. Ferrier |
| 260 | |a Paris : |b Vuibert, |c 1947 | ||
| 300 | |a 110 σ.; |b πίν.; |c 23 εκ. | ||
| 500 | |a Principaux resultats obtenus depuis Euclide | ||
| 505 | 0 | |a Table donnant, jusqu'a 100.000, les nombres premiers et les nombres composes n'ayant pas de diviseur inferieur a 17, avec, pour chacun d'eux, son plus petit diviseur | |
| 650 | 0 | 0 | |a Numbers, Prime. |
| 852 | |a INST |b SAMOS |c MAG |e 20100416 |h 512.723 FER |p 005300032014 |q 005300032014 |t BK |y 0 | ||
| 852 | |a INST |b SAMOS |c MAG |e 20100505 |h 512.723 FER |p 005300032015 |q 005300032015 |t BK |y 0 | ||
| 901 | |a BIBL3-2010-2 | ||
| 909 | |a Σ |b 162190 | ||
| 909 | |a Σ |b 162191 | ||
| 920 | |a ΜΑΓΕΙΡΑΣ |b ΠΑΝΑΓΙΩΤΗΣ |y ΣΑΜΟΣ |z 2008-09 | ||
| 970 | |a ΣΙΤΖΙΜΗ |b ΓΙΑΣΕΜΗ |z 2010/04/16 | ||